Loading...
| Literature - European Literature | 0 | 4 | 0 | 1 | 40 | 123 | 133.00 | 0 | 3 |
| Philosophy | 0 | 4 | 2 | 0 | 30 | 58 | 94.25 | 1 | 4 |
| Social Science | 0 | 4 | 2 | 1 | 30 | 96 | 103.00 | 0 | 3 |
| Religion | 0 | 3 | 0 | 1 | 30 | 130 | 135.67 | 0 | 2 |
| Fine Arts - Classical Music | 0 | 2 | 0 | 0 | 20 | 125 | 131.00 | 0 | 0 |
| Fine Arts - Other Fine Arts | 0 | 2 | 0 | 1 | 20 | 129 | 130.50 | 0 | 1 |
| Literature - British Literature | 0 | 2 | 0 | 0 | 20 | 55 | 90.50 | 1 | 1 |
| Literature - World Literature | 0 | 2 | 1 | 0 | 15 | 109 | 114.50 | 0 | 1 |
| History - European History | 0 | 1 | 0 | 0 | 10 | 114 | 114.00 | 0 | 0 |
| Mythology | 0 | 1 | 1 | 0 | 5 | 131 | 131.00 | 0 | 0 |
| Fine Arts - Painting and Sculpture | 0 | 1 | 1 | 1 | 5 | 145 | 145.00 | 0 | 0 |
| Science - Biology | 0 | 1 | 1 | 1 | 5 | 116 | 116.00 | 0 | 1 |
| History - American History | 0 | 0 | 0 | 0 | 0 | 0.00 | 0 | 0 | |
| Science - Other Science | 0 | 0 | 0 | 0 | 0 | 0.00 | 0 | 0 |